| 000 | 01268nam0a22003011 4500 | ||
|---|---|---|---|
| 001 | v19\rc\1710866 | ||
| 005 | 20260405201051.0 | ||
| 035 | _a(NLR Aleph) 005246004 | ||
| 090 |
_a5754423 _c5754423 |
||
| 100 | _a20061002e18991899|||y0rusy50 ca | ||
| 101 | 0 | _arus | |
| 102 | _aRU | ||
| 105 | _ay z ||||| | ||
| 200 | 1 |
_aПамяти В.М. Гаршина _fЕ. Редин |
|
| 210 |
_aХарьков _cтип. Губ. правл. _dценз. 1899 |
||
| 215 |
_a[2], 8 с. _d16 |
||
| 311 | _aОтт. из № 65 "Харьк. губ. вед." за 1899 г. | ||
| 488 | 0 |
_12001#$aХарьковские губернские ведомости$v1899, № 65 _tХарьковские губернские ведомости |
|
| 532 | 1 | 0 | _aПамяти Всеволода Михайловича Гаршина |
| 700 | 1 |
_7ca _8rus _aРедин _bЕ. К. _f1863-1908 _gЕгор Кузьмич _971566 _3RU\NLR\AUTH\7788638 |
|
| 702 | 1 |
_4570 _7ca _8rus _aГаршин _bВ. М. _f1855-1888 _gВсеволод Михайлович _964 _3RU\NLR\AUTH\7716972 |
|
| 801 | 0 |
_aRU _bNLR _c20061002 _gpsbo |
|
| 801 | 0 |
_aRU _bRuMoRGB _c20061002 _2psbo |
|
| 801 | 1 |
_aRU _bProSoft-M _c20061002 _2rusmarc |
|
| 801 | 2 |
_aRU _bNLR _c20100617 _2rusmarc |
|
| 852 |
_aNLR _j18.265.8.427 |
||
| 942 | _cBOOK | ||
| 980 | _aNB | ||